[Event "Sao Paulo-chT"]
[Site "Sao Paulo"]
[Date "2019.03.09"]
[Round "6.2"]
[White "Marques, Vinicius de Abreu"]
[Black "Cipolli, Antonio Carlos Rodr"]
[Result "1-0"]
[WhiteElo "2370"]
[BlackElo "2110"]
[PlyCount "47"]
[EventDate "2019.02.23"]
[EventType "team-tourn"]
[EventRounds "7"]
[EventCountry "BRA"]
[SourceTitle "CBM 189 Extra"]
[Source "ChessBase"]
[SourceDate "2019.06.03"]
[SourceVersion "1"]
[SourceVersionDate "2019.06.03"]
[SourceQuality "1"]
[WhiteTeam "Pinheiros"]
[BlackTeam "Sao Jose Taimanov"]
[WhiteTeamCountry "BRA"]
[BlackTeamCountry "BRA"]

1. e4 e5 2. Nf3 Nc6 3. Bb5 a6 4. Ba4 Nf6 5. 0-0 Nxe4 6. d4 b5 7. Bb3 d5 8. dxe5 Be6 9. Nbd2 Be7 10. c3 0-0 11. Bc2 Bf5 12. Nb3 Bg4 13. Bf4 g5 14. Bxe4 dxe4 15. Qxd8 Bxd8 16. Nxg5 Bxg5 17. Bxg5 Nxe5 18. Nc5 f5 19. h3 Bxh3 20. gxh3 Nf3+ 21. Kh1 Rae8 22. Bf4 Rf6 23. Rad1 Rg6 24. Rd5 1-0

[Event "Sao Paulo-chT"]
[Site "Sao Paulo"]
[Date "2019.02.24"]
[Round "4.1"]
[White "Cipolli, Antonio Carlos Rodr"]
[Black "Diamant, Andre"]
[Result "0-1"]
[WhiteElo "2110"]
[BlackElo "2533"]
[PlyCount "76"]
[EventDate "2019.02.23"]
[EventType "team-tourn"]
[EventRounds "7"]
[EventCountry "BRA"]
[SourceTitle "CBM 189 Extra"]
[Source "ChessBase"]
[SourceDate "2019.06.03"]
[SourceVersion "1"]
[SourceVersionDate "2019.06.03"]
[SourceQuality "1"]
[WhiteTeam "Sao Jose Taimanov"]
[BlackTeam "Osasco"]
[WhiteTeamCountry "BRA"]
[BlackTeamCountry "BRA"]

1. e4 c5 2. g3 Nc6 3. Bg2 g6 4. Ne2 Bg7 5. c3 e5 6. 0-0 Nge7 7. Na3 0-0 8. Nc2 d5 9. exd5 Nxd5 10. f4 Re8 11. fxe5 Nxe5 12. d4 cxd4 13. cxd4 Nc6 14. Nf4 Ndb4 15. d5 Nxc2 16. Qxc2 Nd4 17. Qf2 Bf5 18. Bd2 Nc2 19. Bc3 Bxc3 20. bxc3 Nxa1 21. Rxa1 Qb6 22. Rd1 Rec8 23. Qxb6 axb6 24. d6 Rxa2 25. d7 Rd8 26. Nd5 Kg7 27. Nxb6 Rb2 28. Na4 Rb5 29. Bf1 Re5 30. Nb6 Re6 31. Nc8 Rc6 32. Bb5 Rc7 33. Nb6 Rxc3 34. Rd6 Rb3 35. Ba4 Rb2 36. h4 Kf8 37. Kf1 h5 38. Ke1 Rg2 0-1

[Event "Sao Paulo-chT"]
[Site "Sao Paulo"]
[Date "2019.02.23"]
[Round "2.1"]
[White "Cipolli, Antonio Carlos Rodr"]
[Black "Santos, Marcus Vinicius M"]
[Result "0-1"]
[WhiteElo "2110"]
[BlackElo "2354"]
[PlyCount "46"]
[EventDate "2019.02.23"]
[EventType "team-tourn"]
[EventRounds "7"]
[EventCountry "BRA"]
[SourceTitle "CBM 189 Extra"]
[Source "ChessBase"]
[SourceDate "2019.06.03"]
[SourceVersion "1"]
[SourceVersionDate "2019.06.03"]
[SourceQuality "1"]
[WhiteTeam "Sao Jose Taimanov"]
[BlackTeam "Hebraica"]
[WhiteTeamCountry "BRA"]
[BlackTeamCountry "BRA"]

1. e4 g6 2. d4 Bg7 3. Nc3 d6 4. Be3 a6 5. a4 Nc6 6. Qd2 Nf6 7. f3 0-0 8. h4 e5 9. d5 Nd4 10. Nge2 Nxe2 11. Bxe2 Nh5 12. 0-0-0 b5 13. axb5 axb5 14. Bxb5 Ra1+ 15. Nb1 Bd7 16. Bc4 Qa8 17. g4 Nf4 18. Rh2 Bb5 19. Bb3 Qa6 20. c4 Bxc4 21. Bxc4 Qxc4+ 22. Qc2 Qa2 23. b3 Rxb1+ 0-1

[Event "Pan American-ch Seniors 50"]
[Site "Sao Paulo"]
[Date "2014.12.20"]
[Round "5"]
[White "Cipolli, Antonio Carlos Rodr"]
[Black "Teixeira, Ricardo da Silva"]
[Result "1-0"]
[WhiteElo "2112"]
[BlackElo "2240"]
[PlyCount "39"]
[EventDate "2014.12.17"]
[EventType "swiss"]
[EventRounds "7"]
[EventCountry "BRA"]
[SourceTitle "CBM 164 Extra"]
[Source "ChessBase"]
[SourceDate "2015.03.02"]
[SourceVersion "1"]
[SourceVersionDate "2015.03.02"]
[SourceQuality "1"]

1. e4 Nf6 2. e5 Nd5 3. Nc3 Nxc3 4. dxc3 d6 5. Nf3 Nc6 6. Bf4 dxe5 7. Qxd8+ Nxd8 8. Bxe5 c6 9. 0-0-0 f6 10. Bc7 Be6 11. Nd4 Bf7 12. Bd3 Ne6 13. Nxe6 Bxe6 14. Rhe1 Bd7 15. Bc4 Rc8 16. Bg3 Bf5 17. h4 Rd8 18. Bf7+ Kxf7 19. Rxd8 g6 20. Kb1 1-0

[Event "Pan American-ch Seniors 50"]
[Site "Sao Paulo"]
[Date "2014.12.18"]
[Round "3"]
[White "Cipolli, Antonio Carlos Rodr"]
[Black "Caribe Santos, Luiz Carlos"]
[Result "1-0"]
[WhiteElo "2112"]
[BlackElo "1584"]
[PlyCount "95"]
[EventDate "2014.12.17"]
[EventType "swiss"]
[EventRounds "7"]
[EventCountry "BRA"]
[SourceTitle "CBM 164 Extra"]
[Source "ChessBase"]
[SourceDate "2015.03.02"]
[SourceVersion "1"]
[SourceVersionDate "2015.03.02"]
[SourceQuality "1"]

1. e4 c5 2. Nf3 d6 3. d4 cxd4 4. Nxd4 Nf6 5. Nc3 a6 6. Be2 Nc6 7. 0-0 Bd7 8. a4 e5 9. Nb3 Be7 10. Be3 Na5 11. Nxa5 Qxa5 12. Qd2 Bc6 13. f3 d5 14. Nxd5 Qxd2 15. Nxf6+ Bxf6 16. Bxd2 Be7 17. Bc3 Bc5+ 18. Kh1 Bd4 19. Bxd4 exd4 20. Rfd1 Rd8 21. b4 0-0 22. b5 axb5 23. axb5 Be8 24. c3 Bxb5 25. Bxb5 dxc3 26. Rxd8 Rxd8 27. Rc1 Rc8 28. Kg1 Rc5 29. Bd3 Kf8 30. Kf2 b5 31. Ke3 b4 32. Kd4 Rc7 33. e5 g6 34. g4 Ke7 35. f4 f6 36. exf6+ Kxf6 37. h4 h6 38. g5+ hxg5 39. hxg5+ Kg7 40. Bc2 Rf7 41. Rf1 Rd7+ 42. Kc4 Rb7 43. Rb1 Kf7 44. Rxb4 Rc7+ 45. Kd4 Ke6 46. Rb6+ Kf7 47. Rf6+ Ke7 48. Rxg6 1-0

[Event "Mogi das Cruzes Catropa Memorial"]
[Site "Mogi das Cruzes"]
[Date "2014.09.05"]
[Round "1"]
[White "Santana, Expedito"]
[Black "Cipolli, Antonio Carlos Rodr"]
[Result "0-1"]
[WhiteElo "1680"]
[BlackElo "2105"]
[PlyCount "51"]
[EventDate "2014.09.05"]
[EventType "swiss"]
[EventRounds "6"]
[EventCountry "BRA"]
[SourceTitle "CBM 162 Extra"]
[Source "ChessBase"]
[SourceDate "2014.10.17"]
[SourceVersion "1"]
[SourceVersionDate "2014.10.17"]
[SourceQuality "1"]

1. d4 Nf6 2. c4 g6 3. Bf4 Bg7 4. e3 0-0 5. Nc3 d5 6. h3 c5 7. Nf3 Nc6 8. Be2 cxd4 9. exd4 dxc4 10. 0-0 Nd5 11. Be5 Nxc3 12. bxc3 Be6 13. Bxg7 Kxg7 14. Ng5 Bd5 15. Qa4 a6 16. Qc2 e5 17. Nf3 exd4 18. cxd4 Bxf3 19. Bxf3 Nxd4 20. Qc3 Qf6 21. Rac1 Nxf3+ 22. Qxf3 Qxf3 23. gxf3 b5 24. a3 Rad8 25. Rfd1 Rxd1+ 26. Rxd1 0-1

[Event "Guaratingueta op 1st"]
[Site "Guaratingueta"]
[Date "2014.04.27"]
[Round "6"]
[White "Ikejiri, Daniel Yoshito"]
[Black "Cipolli, Antonio Carlos Rodr"]
[Result "1/2-1/2"]
[WhiteElo "1874"]
[BlackElo "2101"]
[PlyCount "76"]
[EventDate "2014.04.25"]
[EventType "swiss"]
[EventRounds "6"]
[EventCountry "BRA"]
[SourceTitle "EXT 2018"]
[Source "ChessBase"]
[SourceDate "2017.10.13"]
[SourceVersion "1"]
[SourceVersionDate "2017.10.13"]
[SourceQuality "1"]

1. d4 Nf6 2. Nf3 g6 3. Bf4 Bg7 4. e3 0-0 5. h3 c5 6. c3 cxd4 7. exd4 d5 8. Bd3 Nc6 9. 0-0 Nh5 10. Bh2 Bh6 11. Nbd2 Nf4 12. Bc2 Be6 13. Re1 a6 14. Ne5 Nxe5 15. Rxe5 Qd7 16. Re1 Rac8 17. Nf3 f6 18. Bxf4 Bxf4 19. Qe2 Kf7 20. Bb3 Rc7 21. Rad1 Rd8 22. h4 Bg4 23. c4 dxc4 24. Bxc4+ Kg7 25. Be6 Bxe6 26. Qxe6 Qxe6 27. Rxe6 Kf7 28. Rde1 Rdd7 29. g3 Bc1 30. R6e2 h5 31. Kg2 b5 32. a3 a5 33. Kf1 Rd6 34. Rd1 e6 35. Ne1 Bh6 36. f4 Rc4 37. Nf3 Bg7 38. Rde1 Rdc6 1/2-1/2

[Event "Americana Paulista op"]
[Site "Americana"]
[Date "2013.09.22"]
[Round "6"]
[White "Cipolli, Antonio Carlos Rodr"]
[Black "Sousa Jr, Jose Antonio Madale"]
[Result "1/2-1/2"]
[WhiteElo "2105"]
[BlackElo "2014"]
[PlyCount "102"]
[EventDate "2013.09.20"]
[EventType "swiss"]
[EventRounds "6"]
[EventCountry "BRA"]
[SourceTitle "CBM 156 Extra"]
[Source "ChessBase"]
[SourceDate "2013.10.22"]
[SourceVersion "1"]
[SourceVersionDate "2013.10.22"]
[SourceQuality "1"]

1. e4 e5 2. Nf3 Nc6 3. d4 exd4 4. Nxd4 Nf6 5. Nxc6 bxc6 6. e5 Nd5 7. c4 Nb6 8. Nc3 Qe7 9. Qe2 Qe6 10. b3 g6 11. f4 Bg7 12. Bb2 Ba6 13. 0-0-0 0-0-0 14. Qf2 Bb7 15. Bd3 f6 16. exf6 Bxf6 17. Rhe1 Qf7 18. a4 Qg7 19. Kc2 Bd4 20. Qg3 d5 21. a5 Nd7 22. cxd5 cxd5 23. a6 Ba8 24. Qh3 Rhe8 25. Re6 Rxe6 26. Qxe6 Qf6 27. Qg4 Re8 28. Bb5 c6 29. Nxd5 Qe6 30. Qxe6 Rxe6 31. Bxd4 cxb5 32. Nb4 Bxg2 33. Bxa7 Nb6 34. Rd4 Kc7 35. Bxb6+ Kxb6 36. Rd8 Ka5 37. Rd4 Kb6 38. Rd8 Re4 39. Rb8+ Ka5 40. Nd3 Re7 41. b4+ Kxa6 42. Nc5+ Ka7 43. Rxb5 Rc7 44. Kc3 Bf1 45. Ra5+ Kb6 46. Ra8 Rf7 47. Rb8+ Ka7 48. Re8 Rxf4 49. Re7+ Kb6 50. Rxh7 Rf3+ 51. Kd4 Rf5 1/2-1/2

[Event "Sao Jose dos Campos op"]
[Site "Sao Jose dos Campos"]
[Date "2012.12.02"]
[Round "6"]
[White "Cipolli, Antonio Carlos Rodr"]
[Black "Goncalves, Leonardo Yamamoto"]
[Result "1-0"]
[WhiteElo "2103"]
[BlackElo "1961"]
[PlyCount "71"]
[EventDate "2012.11.29"]
[EventType "swiss"]
[EventRounds "7"]
[EventCountry "BRA"]
[SourceTitle "EXT 2014"]
[Source "ChessBase"]
[SourceDate "2013.11.20"]
[SourceVersion "1"]
[SourceVersionDate "2013.11.20"]
[SourceQuality "1"]

1. e4 c5 2. Nc3 g6 3. f4 Nc6 4. Nf3 Bg7 5. Bb5 Nd4 6. 0-0 Nxb5 7. Nxb5 d5 8. exd5 a6 9. Nc3 b5 10. d4 b4 11. Na4 cxd4 12. Nxd4 Qxd5 13. Be3 Bb7 14. Nf3 Qc6 15. Nc5 Bxb2 16. Nxb7 Qxb7 17. Rb1 Rd8 18. Qe1 Bf6 19. Rxb4 Qd5 20. c4 Qe6 21. Bb6 Qxe1 22. Nxe1 Rc8 23. Nf3 e6 24. Ra4 Ne7 25. c5 Ra8 26. Bc7 0-0 27. Bd6 Rfc8 28. Ne5 Bxe5 29. fxe5 Nd5 30. Rf3 Rc6 31. Rb3 a5 32. Rxa5 Rac8 33. Rb7 f6 34. Raa7 Rxd6 35. exd6 Rxc5 36. Rb8+ 1-0

[Event "Sao Jose dos Campos op"]
[Site "Sao Jose dos Campos"]
[Date "2012.12.01"]
[Round "4"]
[White "Cipolli, Antonio Carlos Rodr"]
[Black "Jonas, Tiago Felipe da S"]
[Result "1-0"]
[WhiteElo "2103"]
[BlackElo "1851"]
[PlyCount "97"]
[EventDate "2012.11.29"]
[EventType "swiss"]
[EventRounds "7"]
[EventCountry "BRA"]
[SourceTitle "EXT 2014"]
[Source "ChessBase"]
[SourceDate "2013.11.20"]
[SourceVersion "1"]
[SourceVersionDate "2013.11.20"]
[SourceQuality "1"]

1. e4 c5 2. Nf3 Nc6 3. d4 cxd4 4. Nxd4 g6 5. Nc3 Bg7 6. Be3 Nf6 7. Bc4 0-0 8. Bb3 Ng4 9. Qxg4 Nxd4 10. Qh4 Qa5 11. 0-0 Bf6 12. Qh6 Bg7 13. Qh4 Bf6 14. Qh6 Bg7 15. Qg5 Nxb3 16. axb3 Qxg5 17. Bxg5 Bxc3 18. bxc3 f6 19. Be3 a6 20. Bb6 d6 21. c4 Be6 22. c5 d5 23. exd5 Bxd5 24. Rfd1 Bc6 25. c4 Rf7 26. b4 Re8 27. Ra5 e5 28. b5 axb5 29. cxb5 Bd7 30. h3 Rc8 31. f3 Kg7 32. Rb1 Bf5 33. Rb2 Bd3 34. Kf2 e4 35. Ke3 f5 36. f4 Rd7 37. Ra7 Rf7 38. Ra3 Kh6 39. Rc3 Rd7 40. c6 bxc6 41. bxc6 Rd6 42. c7 Bf1 43. Bd4 Rd7 44. Be5 Rd3+ 45. Rxd3 Bxd3 46. Rb8 Ba6 47. g4 fxg4 48. hxg4 g5 49. Rb6# 1-0

[Event "Pindamonhangaba op"]
[Site "Pindamonhangaba"]
[Date "2011.07.17"]
[Round "4"]
[White "Garkauskas, Otto Dmitry"]
[Black "Cipolli, Antonio Carlos Rodr"]
[Result "1-0"]
[WhiteElo "2044"]
[BlackElo "2152"]
[PlyCount "72"]
[EventDate "2011.07.15"]
[EventType "swiss"]
[EventRounds "5"]
[EventCountry "BRA"]
[SourceTitle "EXT 2014"]
[Source "ChessBase"]
[SourceDate "2013.11.20"]
[SourceVersion "1"]
[SourceVersionDate "2013.11.20"]
[SourceQuality "1"]

1. d4 Nf6 2. c4 g6 3. Nc3 d5 4. Nf3 Bg7 5. Qb3 dxc4 6. Qxc4 0-0 7. e4 c6 8. Be3 b5 9. Qd3 b4 10. Ne2 c5 11. d5 Ba6 12. Qc2 Nbd7 13. Ng3 Bxf1 14. Nxf1 Qa5 15. N1d2 b3 16. Qc4 Ng4 17. 0-0 Nxe3 18. fxe3 Bxb2 19. Nxb3 Qa3 20. Rab1 Rab8 21. Rf2 Bg7 22. Rbf1 Rb4 23. Qe2 Rxe4 24. Ng5 Re5 25. Nxf7 Rxd5 26. Qc4 Nb6 27. Qe4 e5 28. Qg4 Re8 29. Ng5 c4 30. Rf7 Re7 31. Rxg7+ Kxg7 32. Ne6+ Rxe6 33. Qxe6 cxb3 34. Rf7+ Kh6 35. Qh3+ Kg5 36. Qg3+ Kh6 1-0

[Event "BRA-chT"]
[Site "Sao Paulo"]
[Date "2005.03.??"]
[Round "2"]
[White "Cipolli, Antonio Carlos Rodr"]
[Black "Jukemura, Leandro"]
[Result "1-0"]
[WhiteElo "2225"]
[BlackElo "1957"]
[PlyCount "39"]
[EventDate "2005.03.??"]
[EventType "team-swiss"]
[EventRounds "7"]
[EventCountry "BRA"]
[SourceTitle "EXT 2016"]
[Source "ChessBase"]
[SourceDate "2015.10.08"]
[SourceVersion "1"]
[SourceVersionDate "2015.10.08"]
[SourceQuality "1"]

1. e4 c5 2. Nf3 a6 3. Nc3 b5 4. d3 Bb7 5. g3 e6 6. Bg2 Nf6 7. 0-0 Be7 8. e5 Nd5 9. Ne4 0-0 10. c4 Nb6 11. Qe2 d5 12. exd6 Bxd6 13. Nxd6 Qxd6 14. Bf4 Qe7 15. Rac1 bxc4 16. dxc4 Nc6 17. Rfd1 Rfd8 18. Bh3 Nb4 19. a3 Nd3 20. Rxd3 1-0

[Event "BRA-chT"]
[Site "Sao Paulo"]
[Date "2005.03.??"]
[Round "1"]
[White "Galati, Mario Augusto"]
[Black "Cipolli, Antonio Carlos Rodr"]
[Result "1-0"]
[WhiteElo "2195"]
[BlackElo "2225"]
[PlyCount "67"]
[EventDate "2005.03.??"]
[EventType "team-swiss"]
[EventRounds "7"]
[EventCountry "BRA"]
[SourceTitle "EXT 2016"]
[Source "ChessBase"]
[SourceDate "2015.10.08"]
[SourceVersion "1"]
[SourceVersionDate "2015.10.08"]
[SourceQuality "1"]

1. d4 Nf6 2. c4 g6 3. Nc3 d5 4. cxd5 Nxd5 5. e4 Nxc3 6. bxc3 Bg7 7. Nf3 c5 8. Be2 0-0 9. 0-0 cxd4 10. cxd4 Nc6 11. Be3 Bg4 12. d5 Bxf3 13. gxf3 Na5 14. Rc1 f5 15. Qd2 b6 16. Ba6 fxe4 17. fxe4 Qd7 18. f3 Be5 19. f4 Bg7 20. Qg2 Kh8 21. Rc2 Qa4 22. Rc7 Qa3 23. Qd2 Rae8 24. Bd4 Bxd4+ 25. Qxd4+ Kg8 26. Rxa7 Ra8 27. Rxa8 Rxa8 28. Qxb6 Nb3 29. Bb7 Nd2 30. Qe6+ Kf8 31. Bxa8 Qe3+ 32. Rf2 Nxe4 33. Qc8+ Kg7 34. Qc2 1-0

[Event "BRA jub35-A email"]
[Site "Brazil email"]
[Date "2004.02.14"]
[Round "?"]
[White "Almiron, Luis"]
[Black "Cipolli, Antonio Carlos Rodr"]
[Result "1/2-1/2"]
[WhiteElo "2485"]
[BlackElo "2504"]
[PlyCount "46"]
[EventDate "2004.02.14"]
[EventType "tourn (corr)"]
[EventRounds "14"]
[EventCountry "BRA"]
[SourceTitle "Corr 2008"]
[Source "ChessBase"]
[SourceDate "2008.06.24"]
[SourceVersion "1"]
[SourceVersionDate "2008.06.24"]
[SourceQuality "1"]

1. d4 Nf6 2. c4 g6 3. Nc3 d5 4. Nf3 Bg7 5. Qb3 dxc4 6. Qxc4 0-0 7. e4 a6 8. e5 b5 9. Qb3 Nfd7 10. e6 fxe6 11. Be3 Nf6 12. a4 bxa4 13. Rxa4 Nd5 14. Bc4 c6 15. Ra3 Nd7 16. 0-0 Rb8 17. Qc2 Nxe3 18. fxe3 Qb6 19. Rf2 a5 20. Qb3 Kh8 21. Qxb6 Nxb6 22. Bb3 e5 23. Nxe5 Bxe5 1/2-1/2